[Event "Ruhrgebiet Verbandsliga Gruppe 2 1819"]
[Site "Nordrheinwestfalen"]
[Date "2019.01.20"]
[Round "5.1"]
[White "Beckmann, Klaus"]
[Black "Schlottmann, Fabian"]
[Result "0-1"]
[WhiteElo "2121"]
[BlackElo "2300"]
[PlyCount "40"]
[EventDate "2018.09.23"]
[EventType "team-tourn"]
[EventRounds "9"]
[EventCountry "GER"]
[SourceTitle "EXT 2022"]
[Source "ChessBase"]
[SourceDate "2021.10.06"]
[SourceVersion "1"]
[SourceVersionDate "2021.10.06"]
[SourceQuality "1"]
[WhiteTeam "Recklinghausen Sued"]
[BlackTeam "Boenen SV"]
[WhiteTeamCountry "GER"]
[BlackTeamCountry "GER"]

1. d4 Nf6 2. Nf3 d5 3. e3 e6 4. Bd3 Bd6 5. Nbd2 0-0 6. 0-0 Nbd7 7. e4 dxe4 8. Nxe4 Nxe4 9. Bxe4 Nf6 10. Bd3 b6 11. Qe2 Bb7 12. c4 h6 13. Bd2 c5 14. dxc5 Bxc5 15. Rad1 Qc7 16. Bc3 Nh5 17. Be5 Qc6 18. Nh4 f6 19. Qxh5 fxe5 20. Qxe5 Be7 0-1

[Event "Ruhrgebiet Verbandsliga Gruppe 2 1819"]
[Site "Nordrheinwestfalen"]
[Date "2018.12.02"]
[Round "4.1"]
[White "Schlottmann, Fabian"]
[Black "Schneider, Bernd"]
[Result "1/2-1/2"]
[WhiteElo "2292"]
[BlackElo "2272"]
[PlyCount "33"]
[EventDate "2018.09.23"]
[EventType "team-tourn"]
[EventRounds "9"]
[EventCountry "GER"]
[SourceTitle "EXT 2022"]
[Source "ChessBase"]
[SourceDate "2021.10.06"]
[SourceVersion "1"]
[SourceVersionDate "2021.10.06"]
[SourceQuality "1"]
[WhiteTeam "Boenen SV"]
[BlackTeam "Bochum SV II"]
[WhiteTeamCountry "GER"]
[BlackTeamCountry "GER"]

1. d4 g6 2. e4 Bg7 3. Nf3 c6 4. Nc3 d5 5. exd5 cxd5 6. Bf4 Nf6 7. Be2 Nc6 8. 0-0 0-0 9. Re1 Bg4 10. Ne5 Bxe2 11. Nxc6 Bxd1 12. Nxd8 Rfxd8 13. Raxd1 e6 14. Ne2 Rac8 15. c3 Ne4 16. Nc1 a5 17. Nd3 1/2-1/2

[Event "Ruhrgebiet Verbandsliga Gruppe 2 1819"]
[Site "Nordrheinwestfalen"]
[Date "2018.09.23"]
[Round "1.1"]
[White "Spyrou, Emmanouil"]
[Black "Schlottmann, Fabian"]
[Result "1/2-1/2"]
[WhiteElo "2149"]
[BlackElo "2292"]
[PlyCount "32"]
[EventDate "2018.09.23"]
[EventType "team-tourn"]
[EventRounds "9"]
[EventCountry "GER"]
[SourceTitle "EXT 2022"]
[Source "ChessBase"]
[SourceDate "2021.10.06"]
[SourceVersion "1"]
[SourceVersionDate "2021.10.06"]
[SourceQuality "1"]
[WhiteTeam "Hamm SV"]
[BlackTeam "Boenen SV"]
[WhiteTeamCountry "GER"]
[BlackTeamCountry "GER"]

1. d4 d5 2. c4 e6 3. Nc3 Nf6 4. Bg5 Bb4 5. e3 0-0 6. Nf3 h6 7. Bh4 c5 8. cxd5 exd5 9. Bd3 Be6 10. 0-0 Nbd7 11. Ne5 Qa5 12. Ne2 c4 13. Nxd7 Nxd7 14. Bc2 Rae8 15. Nf4 Be7 16. Bg3 Nf6 1/2-1/2

[Event "Ruhrgebiet Verbandsliga Gruppe 1 1718"]
[Site "Germany"]
[Date "2018.03.18"]
[Round "8.1"]
[White "Ribbeheger, Edgar"]
[Black "Schlottmann, Fabian"]
[Result "0-1"]
[WhiteElo "1974"]
[BlackElo "2281"]
[PlyCount "70"]
[EventDate "2017.09.17"]
[EventType "team-tourn"]
[EventRounds "9"]
[EventCountry "GER"]
[SourceTitle "EXT 2022"]
[Source "ChessBase"]
[SourceDate "2021.10.06"]
[SourceVersion "1"]
[SourceVersionDate "2021.10.06"]
[SourceQuality "1"]
[WhiteTeam "Sodingen/Castrop SK II"]
[BlackTeam "Boenen SV"]
[WhiteTeamCountry "GER"]
[BlackTeamCountry "GER"]

1. c4 c5 2. g3 Nc6 3. Bg2 Nf6 4. Nc3 e6 5. Nf3 d5 6. cxd5 exd5 7. d4 cxd4 8. Nxd4 Bc5 9. e3 Bg4 10. Nxc6 bxc6 11. Qa4 0-0 12. 0-0 Qd6 13. a3 a5 14. Qc2 Rfc8 15. Na4 Ba7 16. Bd2 Ne4 17. Bc3 Ng5 18. h4 Nf3+ 19. Bxf3 Bxf3 20. Qf5 Be4 21. Qg4 f6 22. Rfd1 Bc2 23. h5 Bxd1 24. Rxd1 h6 25. Bxa5 Re8 26. b4 Bxe3 27. fxe3 Rxe3 28. Kf2 Rxa3 29. Nb6 Ra2+ 30. Kf1 Re8 31. Nc4 Qe7 32. Nd2 Rxd2 33. Rxd2 Qe1+ 34. Kg2 Qxd2+ 35. Kh3 Qe2 0-1

[Event "Ruhrgebiet Verbandsliga Gruppe 1 1718"]
[Site "Germany"]
[Date "2018.02.04"]
[Round "6.1"]
[White "Schlottmann, Fabian"]
[Black "Watzlawek, Markus"]
[Result "1-0"]
[WhiteElo "2282"]
[BlackElo "2073"]
[PlyCount "55"]
[EventDate "2017.09.17"]
[EventType "team-tourn"]
[EventRounds "9"]
[EventCountry "GER"]
[SourceTitle "EXT 2022"]
[Source "ChessBase"]
[SourceDate "2021.10.06"]
[SourceVersion "1"]
[SourceVersionDate "2021.10.06"]
[SourceQuality "1"]
[WhiteTeam "Boenen SV"]
[BlackTeam "Eichlinghofen SV"]
[WhiteTeamCountry "GER"]
[BlackTeamCountry "GER"]

1. Nf3 f5 2. e4 fxe4 3. Ng5 Nc6 4. d3 e3 5. Bxe3 e5 6. Nc3 d5 7. Qh5+ g6 8. Qf3 Nf6 9. Nxd5 Bg7 10. Nxf6+ Bxf6 11. Ne4 Be7 12. c3 Rf8 13. Qe2 Bf5 14. Qc2 Qd7 15. Rd1 0-0-0 16. Be2 Kb8 17. 0-0 g5 18. Ng3 Bg6 19. b4 Bf6 20. b5 Ne7 21. c4 Rf7 22. Bf3 g4 23. Qa4 Nc8 24. Bd5 Rg7 25. Bxb7 Kxb7 26. Qa6+ Kb8 27. Qxf6 Bxd3 28. Rxd3 1-0

[Event "Ruhrgebiet Verbandsliga Gruppe 1 1718"]
[Site "Germany"]
[Date "2017.09.17"]
[Round "1.1"]
[White "Rumpf, Thomas"]
[Black "Schlottmann, Fabian"]
[Result "0-1"]
[WhiteElo "2006"]
[BlackElo "2282"]
[PlyCount "68"]
[EventDate "2017.09.17"]
[EventType "team-tourn"]
[EventRounds "9"]
[EventCountry "GER"]
[SourceTitle "EXT 2022"]
[Source "ChessBase"]
[SourceDate "2021.10.06"]
[SourceVersion "1"]
[SourceVersionDate "2021.10.06"]
[SourceQuality "1"]
[WhiteTeam "Kamen SV II"]
[BlackTeam "Boenen SV"]
[WhiteTeamCountry "GER"]
[BlackTeamCountry "GER"]

1. e4 e6 2. d4 d5 3. exd5 exd5 4. Nf3 Bd6 5. Bd3 Nf6 6. Qe2+ Be6 7. Ng5 Qe7 8. Nxe6 fxe6 9. 0-0 Nc6 10. c3 e5 11. dxe5 Qxe5 12. Qxe5+ Nxe5 13. Bc2 0-0 14. h3 Rae8 15. Nd2 c6 16. Nb3 Rf7 17. Nd4 Bc5 18. Nf5 Ne4 19. Be3 Bxe3 20. Nxe3 Nd6 21. b3 Nb5 22. c4 dxc4 23. bxc4 Nd4 24. Ba4 Nd3 25. Ng4 h5 26. Ne3 Ne2+ 27. Kh2 Nxf2 28. Nc2 Re4 29. g3 h4 30. gxh4 Rxh4 31. Rae1 Rxh3+ 32. Kg2 Rg3+ 33. Kh2 Ng4+ 34. Kh1 Rh3+ 0-1

[Event "Ruhrgebiet Verbandsklasse 1516 Abstieg"]
[Site "Germany"]
[Date "2016.06.19"]
[Round "1.1"]
[White "Hartung, Thomas"]
[Black "Schlottmann, Fabian"]
[Result "0-1"]
[WhiteElo "1948"]
[BlackElo "2162"]
[PlyCount "64"]
[EventDate "2016.06.19"]
[EventType "team-tourn"]
[EventRounds "3"]
[EventCountry "GER"]
[SourceTitle "EXT 2022"]
[Source "ChessBase"]
[SourceDate "2021.10.06"]
[SourceVersion "1"]
[SourceVersionDate "2021.10.06"]
[SourceQuality "1"]
[WhiteTeam "Annen Sport Union"]
[BlackTeam "Boenen SV"]
[WhiteTeamCountry "GER"]
[BlackTeamCountry "GER"]

1. e4 e6 2. d4 d5 3. Nc3 Nf6 4. Bg5 Bb4 5. e5 h6 6. Bd2 Bxc3 7. bxc3 Ne4 8. Qg4 g6 9. Nf3 c5 10. Bd3 Nxd2 11. Kxd2 Nc6 12. h4 c4 13. Be2 Qe7 14. Qf4 Bd7 15. a4 b6 16. g4 0-0-0 17. g5 hxg5 18. hxg5 Rxh1 19. Rxh1 Rf8 20. Rh7 Nd8 21. Qh2 Bxa4 22. Qg1 a5 23. Nh4 Qa3 24. Qb1 b5 25. Ng2 Nc6 26. Bg4 Kd7 27. Rh3 b4 28. Nf4 Rh8 29. Rf3 Bxc2 30. Qxc2 b3 31. Bxe6+ fxe6 32. Qxg6 Qb2+ 0-1

[Event "Ruhrgebiet Verbandsklasse Gruppe 3 1415"]
[Site "Germany"]
[Date "2015.04.26"]
[Round "9.1"]
[White "Schlottmann, Fabian"]
[Black "Schulenburg, Pit"]
[Result "1-0"]
[WhiteElo "2044"]
[BlackElo "2117"]
[PlyCount "81"]
[EventDate "2014.09.21"]
[EventType "team-tourn"]
[EventRounds "9"]
[EventCountry "GER"]
[SourceTitle "EXT 2022"]
[Source "ChessBase"]
[SourceDate "2021.10.06"]
[SourceVersion "1"]
[SourceVersionDate "2021.10.06"]
[SourceQuality "1"]
[WhiteTeam "Boenen SV"]
[BlackTeam "Dortmund FS"]
[WhiteTeamCountry "GER"]
[BlackTeamCountry "GER"]

1. d4 Nf6 2. Bg5 e6 3. Nd2 c5 4. Ngf3 b6 5. e4 h6 6. Bh4 g5 7. Bg3 Bb7 8. e5 Nh5 9. Nc4 Nc6 10. dxc5 Bxc5 11. c3 b5 12. Nd6+ Bxd6 13. Qxd6 Qb6 14. Nd4 Nxd4 15. Qxd4 Qxd4 16. cxd4 Rc8 17. Kd2 Be4 18. Ke3 Bc6 19. f3 Nxg3 20. hxg3 Ke7 21. Bd3 f5 22. exf6+ Kxf6 23. g4 d6 24. Rac1 a6 25. Rc2 Kg7 26. Rhc1 Bb7 27. Rc7+ Kf6 28. R1c2 Rxc7 29. Rxc7 Bd5 30. Rd7 Bxa2 31. Rxd6 a5 32. Ra6 Bc4 33. Rxa5 h5 34. gxh5 Rxh5 35. Bxc4 bxc4 36. Rc5 Rh2 37. Kf2 Rh1 38. Rxc4 Rd1 39. Ke3 Re1+ 40. Kd3 Kf5 41. b4 1-0

[Event "Ruhrgebiet Verbandsklasse Gruppe 3 1415"]
[Site "Germany"]
[Date "2014.12.14"]
[Round "4.1"]
[White "Reinoehl, Christian"]
[Black "Schlottmann, Fabian"]
[Result "0-1"]
[WhiteElo "2045"]
[BlackElo "2044"]
[PlyCount "54"]
[EventDate "2014.09.21"]
[EventType "team-tourn"]
[EventRounds "9"]
[EventCountry "GER"]
[SourceTitle "EXT 2022"]
[Source "ChessBase"]
[SourceDate "2021.10.06"]
[SourceVersion "1"]
[SourceVersionDate "2021.10.06"]
[SourceQuality "1"]
[WhiteTeam "Annen Sport Union"]
[BlackTeam "Boenen SV"]
[WhiteTeamCountry "GER"]
[BlackTeamCountry "GER"]

1. d4 e6 2. e4 d5 3. Nc3 Nf6 4. e5 Nfd7 5. f4 c5 6. Nf3 Nc6 7. Be3 Be7 8. Qd2 0-0 9. 0-0-0 c4 10. f5 b5 11. fxe6 fxe6 12. Nxb5 Rb8 13. Nd6 Bxd6 14. exd6 Nf6 15. c3 Qa5 16. a3 Rf7 17. b4 cxb3 18. Kb2 Ne4 19. Qc1 Ba6 20. c4 Qa4 21. Bd3 Nb4 22. Bxe4 dxe4 23. Ne5 Nc2 24. Kb1 Nxa3+ 25. Kb2 Nxc4+ 26. Nxc4 Qa2+ 27. Kc3 Rc8 0-1

[Event "Ruhrgebiet Verbandsklasse Gruppe 3 1415"]
[Site "Germany"]
[Date "2014.09.21"]
[Round "1.1"]
[White "Tecklenborg, Georg"]
[Black "Schlottmann, Fabian"]
[Result "0-1"]
[WhiteElo "1758"]
[BlackElo "2018"]
[PlyCount "36"]
[EventDate "2014.09.21"]
[EventType "team-tourn"]
[EventRounds "9"]
[EventCountry "GER"]
[SourceTitle "EXT 2022"]
[Source "ChessBase"]
[SourceDate "2021.10.06"]
[SourceVersion "1"]
[SourceVersionDate "2021.10.06"]
[SourceQuality "1"]
[WhiteTeam "Holsterhausen SK II"]
[BlackTeam "Boenen SV"]
[WhiteTeamCountry "GER"]
[BlackTeamCountry "GER"]

1. e4 e6 2. d4 d5 3. exd5 exd5 4. Bd3 Bd6 5. Nf3 Nf6 6. 0-0 0-0 7. Ne5 Re8 8. f4 c5 9. c3 Nc6 10. Be3 Qb6 11. Qb3 Ng4 12. Qxd5 Be6 13. Qxd6 Nxe3 14. Rf2 cxd4 15. Nxc6 bxc6 16. Qxd4 Red8 17. Qxb6 axb6 18. Be2 Nc2 0-1

[Event "NRW Verbandsklasse Group3 1314"]
[Site "Nordrheinwestfalen"]
[Date "2013.11.24"]
[Round "4.2"]
[White "Schlottmann, Fabian"]
[Black "Gerst, Michael"]
[Result "1/2-1/2"]
[WhiteElo "1999"]
[BlackElo "1985"]
[PlyCount "57"]
[EventDate "2013.09.08"]
[EventType "team-tourn"]
[EventRounds "9"]
[EventCountry "GER"]
[SourceTitle "EXT 2020"]
[Source "ChessBase"]
[SourceDate "2019.10.17"]
[SourceVersion "1"]
[SourceVersionDate "2019.10.17"]
[SourceQuality "1"]
[WhiteTeam "Boenen SV"]
[BlackTeam "Oberhausen SV II"]
[WhiteTeamCountry "GER"]
[BlackTeamCountry "GER"]

1. d4 d5 2. Nf3 Nf6 3. c4 e6 4. Nc3 Be7 5. Bf4 0-0 6. e3 c5 7. cxd5 exd5 8. dxc5 Bxc5 9. Be2 Nc6 10. 0-0 Bb6 11. Bg5 Be6 12. Qa4 h6 13. Bh4 Qe7 14. Rfd1 Rfd8 15. Rac1 Rac8 16. a3 Rd7 17. h3 Rcd8 18. Qf4 a6 19. Bxf6 Qxf6 20. Qxf6 gxf6 21. Na4 Ba7 22. Nc5 Bxc5 23. Rxc5 Ne5 24. Nd4 Nc4 25. Nxe6 fxe6 26. Bxc4 dxc4 27. Rxd7 Rxd7 28. Rxc4 Rd1+ 29. Kh2 1/2-1/2

[Event "Unna op"]
[Site "Unna"]
[Date "2012.12.29"]
[Round "6"]
[White "Schlottmann, Fabian"]
[Black "Aulich, Marcell"]
[Result "1/2-1/2"]
[WhiteElo "1855"]
[BlackElo "2136"]
[PlyCount "45"]
[EventDate "2012.12.27"]
[EventType "swiss"]
[EventRounds "7"]
[EventCountry "GER"]
[SourceTitle "CBM 152 Extra"]
[Source "ChessBase"]
[SourceDate "2013.02.25"]
[SourceVersion "1"]
[SourceVersionDate "2013.02.25"]
[SourceQuality "1"]

1. d4 d5 2. Nf3 Nf6 3. c4 c6 4. Nc3 dxc4 5. a4 Bf5 6. Bg5 Ne4 7. e3 Qa5 8. Bxc4 Nxc3 9. Qd2 e6 10. bxc3 Be4 11. Bf4 Bxf3 12. gxf3 Nd7 13. 0-0 g5 14. Bg3 h5 15. h3 Qf5 16. Kg2 g4 17. hxg4 hxg4 18. fxg4 Qxg4 19. Rh1 Rg8 20. Be2 Qg6 21. Qd3 Qxd3 22. Bxd3 Bd6 23. Rh3 1/2-1/2

[Event "Unna op"]
[Site "Unna"]
[Date "2012.12.27"]
[Round "2"]
[White "Schlottmann, Fabian"]
[Black "Voicu Jagodzinsky, Carmen"]
[Result "0-1"]
[WhiteElo "1855"]
[BlackElo "2281"]
[PlyCount "68"]
[EventDate "2012.12.27"]
[EventType "swiss"]
[EventRounds "7"]
[EventCountry "GER"]
[SourceTitle "CBM 152 Extra"]
[Source "ChessBase"]
[SourceDate "2013.02.25"]
[SourceVersion "1"]
[SourceVersionDate "2013.02.25"]
[SourceQuality "1"]

1. d4 Nf6 2. Bg5 Ne4 3. Bf4 c5 4. c3 e6 5. e3 Nc6 6. Nf3 d5 7. Nbd2 Nf6 8. Bd3 Be7 9. 0-0 Qb6 10. Qc2 Bd7 11. Rab1 cxd4 12. exd4 0-0 13. Ne5 h6 14. Ndf3 Rfc8 15. g4 Nb4 16. Qd2 Nxd3 17. Qxd3 Bb5 18. Qe3 Bxf1 19. Bxh6 gxh6 20. Qxh6 Nh7 21. g5 Bd3 22. Nxd3 e5 23. Qh5 Qg6 24. Qg4 Qxd3 25. Re1 Qg6 26. Kh1 e4 27. Ne5 Qxg5 28. Qh3 Qf6 29. Rg1+ Kh8 30. Qh5 Rf8 31. f4 Qxf4 32. Qh3 e3 33. Rg4 Qf2 34. Rg2 Qf1+ 0-1

[Event "Ruhrgebiet VK2 1213"]
[Site "Nordrheinwestfalen"]
[Date "2012.12.02"]
[Round "4.4"]
[White "Schlottmann, Fabian"]
[Black "Armbruester, Juergen"]
[Result "0-1"]
[WhiteElo "1886"]
[BlackElo "1872"]
[PlyCount "58"]
[EventDate "2012.09.02"]
[EventType "team-tourn"]
[EventRounds "9"]
[EventCountry "GER"]
[SourceTitle "EXT 2020"]
[Source "ChessBase"]
[SourceDate "2019.10.17"]
[SourceVersion "1"]
[SourceVersionDate "2019.10.17"]
[SourceQuality "1"]
[WhiteTeam "Boenen SV"]
[BlackTeam "Katernberg SF III"]
[WhiteTeamCountry "GER"]
[BlackTeamCountry "GER"]

1. d4 Nf6 2. Bg5 d5 3. Bxf6 exf6 4. e3 Bd6 5. c4 dxc4 6. Bxc4 0-0 7. Nc3 f5 8. Nf3 c6 9. 0-0 Nd7 10. Qc2 Nf6 11. Rfd1 Qe7 12. d5 c5 13. Nb5 a6 14. Nxd6 Qxd6 15. Bd3 g6 16. Rd2 Bd7 17. Qc3 Rfe8 18. Rad1 b5 19. b3 Ne4 20. Bxe4 fxe4 21. Ne1 Rac8 22. Nc2 Bg4 23. Rc1 Re5 24. a4 Rxd5 25. Rxd5 Qxd5 26. axb5 axb5 27. h3 Be6 28. b4 cxb4 29. Qe1 Qc4 0-1

[Event "Ruhrgebiet VK2 1213"]
[Site "Nordrheinwestfalen"]
[Date "2012.09.02"]
[Round "1.4"]
[White "Schlottmann, Fabian"]
[Black "Gruber, Herbert"]
[Result "1-0"]
[WhiteElo "1886"]
[BlackElo "1750"]
[PlyCount "67"]
[EventDate "2012.09.02"]
[EventType "team-tourn"]
[EventRounds "9"]
[EventCountry "GER"]
[SourceTitle "EXT 2020"]
[Source "ChessBase"]
[SourceDate "2019.10.17"]
[SourceVersion "1"]
[SourceVersionDate "2019.10.17"]
[SourceQuality "1"]
[WhiteTeam "Boenen SV"]
[BlackTeam "Bottrop SV II"]
[WhiteTeamCountry "GER"]
[BlackTeamCountry "GER"]

1. d4 Nf6 2. Bg5 d5 3. Bxf6 exf6 4. e3 Bd6 5. c4 dxc4 6. Bxc4 0-0 7. Nc3 c6 8. Nge2 Bg4 9. 0-0 Nd7 10. Rc1 Rc8 11. Qb3 Nb6 12. Ne4 Nxc4 13. Qxc4 b5 14. Qd3 Bf5 15. f3 Re8 16. Rc2 a6 17. Rfc1 c5 18. b3 Bg6 19. Nf4 Bxf4 20. exf4 c4 21. bxc4 bxc4 22. Rxc4 Rxc4 23. Rxc4 Qa5 24. Qd2 Qb5 25. Qc2 h5 26. Rc8 Rxc8 27. Qxc8+ Kh7 28. Qc2 Qb4 29. Qd1 Qa3 30. d5 Bf5 31. d6 Bd7 32. Qc2 Qe3+ 33. Nf2+ f5 34. Qd3 1-0

[Event "Ruhrgebiet VK3 0910"]
[Site "Ruhrgebiet"]
[Date "2010.02.21"]
[Round "7.7"]
[White "Loskarn, Peter"]
[Black "Schlottmann, Fabian"]
[Result "1-0"]
[WhiteElo "1898"]
[BlackElo "1667"]
[PlyCount "101"]
[EventDate "2009.09.06"]
[EventType "team"]
[EventRounds "9"]
[EventCountry "GER"]
[SourceTitle "EXT 2011"]
[Source "ChessBase"]
[SourceDate "2010.11.26"]
[SourceVersion "1"]
[SourceVersionDate "2010.11.26"]
[SourceQuality "1"]
[WhiteTeam "Wacker Bergeborbeck"]
[BlackTeam "Boenen SV"]
[WhiteTeamCountry "GER"]
[BlackTeamCountry "GER"]

1. e4 d5 2. exd5 Qxd5 3. Nc3 Qa5 4. d4 c6 5. Bc4 Bf5 6. Nf3 Nf6 7. 0-0 e6 8. Ne5 Bd6 9. Qe2 0-0 10. h3 Qc7 11. f4 Nbd7 12. g4 Bg6 13. a4 Rfe8 14. h4 Qb6 15. h5 Bxe5 16. fxe5 Qxd4+ 17. Be3 Qxe5 18. hxg6 Qg3+ 19. Kh1 Qh3+ 20. Qh2 Qxe3 21. gxf7+ Kxf7 22. Rae1 Qh6 23. Ne4 Qxh2+ 24. Kxh2 Kg8 25. Ng5 Nf8 26. Nxe6 Nxe6 27. Bxe6+ Kh8 28. g5 Nd5 29. g6 Rad8 30. Kg3 Rd6 31. Bf7 Rxe1 32. Rxe1 Nf6 33. Rh1 h6 34. Re1 Rd8 35. Re2 Nd5 36. Rd2 Rd7 37. c3 Re7 38. c4 Re3+ 39. Kf2 Re5 40. cxd5 Rf5+ 41. Ke3 cxd5 42. Rxd5 Rxd5 43. Bxd5 a5 44. Bxb7 Kg8 45. Kd4 Kf8 46. b4 Ke7 47. bxa5 Kd6 48. a6 Kc7 49. Kc5 h5 50. Bh1 Kb8 51. Kb6 1-0

[Event "Ruhrgebiet VK3 0910"]
[Site "Ruhrgebiet"]
[Date "2009.11.08"]
[Round "3.7"]
[White "Blum, Alfred"]
[Black "Schlottmann, Fabian"]
[Result "1-0"]
[WhiteElo "2050"]
[BlackElo "1667"]
[PlyCount "115"]
[EventDate "2009.09.06"]
[EventType "team"]
[EventRounds "9"]
[EventCountry "GER"]
[SourceTitle "EXT 2011"]
[Source "ChessBase"]
[SourceDate "2010.11.26"]
[SourceVersion "1"]
[SourceVersionDate "2010.11.26"]
[SourceQuality "1"]
[WhiteTeam "Katernberg III"]
[BlackTeam "Boenen SV"]
[WhiteTeamCountry "GER"]
[BlackTeamCountry "GER"]

1. d4 Nf6 2. Nf3 d5 3. c4 c6 4. e3 e6 5. Nc3 Nbd7 6. Bd3 Bb4 7. Qc2 0-0 8. cxd5 exd5 9. 0-0 Re8 10. Bd2 Bxc3 11. bxc3 Ne4 12. c4 Ndf6 13. cxd5 Nxd2 14. Nxd2 Qxd5 15. Bc4 Qg5 16. Nf3 Qh5 17. Ne5 Be6 18. Bxe6 Rxe6 19. Rab1 Re7 20. Qc5 Rc7 21. Rb2 Ng4 22. Nxg4 Qxg4 23. h3 Qe6 24. Rc1 b6 25. Qc4 Qxc4 26. Rxc4 Rac8 27. Rbc2 c5 28. dxc5 Rxc5 29. Rxc5 Rxc5 30. Rxc5 bxc5 31. Kf1 Kf8 32. Ke2 Ke7 33. Kd3 Kd6 34. Kc4 h5 35. h4 f6 36. a4 a6 37. a5 f5 38. f3 g6 39. e4 fxe4 40. fxe4 Ke5 41. Kxc5 Kxe4 42. Kb6 Kf4 43. Kxa6 Kg3 44. Kb5 Kxg2 45. a6 Kg3 46. a7 Kxh4 47. a8Q g5 48. Qh1+ Kg4 49. Qg2+ Kf4 50. Qh3 g4 51. Qxh5 g3 52. Qe2 Kg5 53. Kc4 Kh4 54. Qg2 Kg4 55. Kd3 Kh4 56. Ke2 Kg4 57. Ke3 Kh4 58. Kf4 1-0

[Event "Ruhrgebiet VK3 0708"]
[Site "Germany"]
[Date "2008.03.09"]
[Round "7.8"]
[White "Bauer, Volker"]
[Black "Schlottmann, Fabian"]
[Result "1/2-1/2"]
[WhiteElo "1559"]
[BlackElo "1440"]
[PlyCount "67"]
[EventDate "2007.09.16"]
[EventType "team"]
[EventRounds "9"]
[EventCountry "GER"]
[SourceTitle "EXT 2009"]
[Source "ChessBase"]
[SourceDate "2008.11.26"]
[SourceVersion "1"]
[SourceVersionDate "2008.11.26"]
[SourceQuality "1"]
[WhiteTeam "Essen Werden"]
[BlackTeam "Boenen SV"]
[WhiteTeamCountry "GER"]
[BlackTeamCountry "GER"]

1. e4 d5 2. exd5 Qxd5 3. Nc3 Qa5 4. d4 c6 5. Bd2 Qd8 6. Nf3 Bg4 7. Bc4 e6 8. Be3 Bb4 9. h3 Bh5 10. g4 Bxc3+ 11. bxc3 Bg6 12. Ne5 Be4 13. Rh2 Nd7 14. Nxd7 Qxd7 15. Qe2 Ne7 16. f3 Bg6 17. Bd3 Bxd3 18. cxd3 Nd5 19. Bd2 Qd6 20. Qe5 0-0-0 21. Qxd6 Rxd6 22. c4 Ne7 23. Bc3 Rhd8 24. Re2 Ng6 25. Re4 e5 26. d5 cxd5 27. cxd5 Rxd5 28. Rc1 Kb8 29. Rc4 Nf4 30. Kf1 f6 31. d4 exd4 32. Bd2 Nd3 33. R1c2 a6 34. Ke2 1/2-1/2